banner-ar

من مسرح امريكا اللاتينية: نحو نقد جديد ومسرح جديد فى امريكا اللاتينية / (Record no. 46693)

MARC details
000 -الفاتح
حقل البيانات ثابتة الطول 00813nam a2200241Ia 4500
008 - عناصر البيانات ثابتة الطول - معلومات عامة
حقل البيانات ثابتة الطول 140319s9999 xx 000 0 ara d
040 ## - مصدر الفهرسة
وكالة الفهرسة الأصلية GCL /
وكالة النسخ GCL
082 04 - رقم تصنيف ديوى العشرى
رقم التصنيف 792.9
رقم المادة د م
100 1# - المدخل الرئيسى - إسم شخصى
الإسم الشخصى حسن عطية
245 10 - بيان العنوان
العنوان من مسرح امريكا اللاتينية: نحو نقد جديد ومسرح جديد فى امريكا اللاتينية /
بيان المسئوليه,etc حسن عطية
700 1# - المدخل الاضافى - اسم شخصى
الإسم الشخصى دى برسيل
700 1# - المدخل الاضافى - اسم شخصى
الإسم الشخصى دى تورو، الفونسو
700 1# - المدخل الاضافى - اسم شخصى
الإسم الشخصى دى تورو، فرناندو
700 1# - المدخل الاضافى - اسم شخصى
الإسم الشخصى نفين محمود عزيز
300 ## - الوصف المادى
التعداد 285
490 ## - بيان السلسلة
عنوان السلسلة 100 قصة
رقم المجلد/ التعيين التسلسلي 0
650 04 - المدخل الاضافى بالموضوع-مصطلح موضوعى
مصطلح موضوعي الفنون المسرحية
650 04 - المدخل الاضافى بالموضوع-مصطلح موضوعى
مصطلح موضوعي التمثيل فى المسرح
650 04 - المدخل الاضافى بالموضوع-مصطلح موضوعى
مصطلح موضوعي المسرح الامريكى
650 04 - المدخل الاضافى بالموضوع-مصطلح موضوعى
مصطلح موضوعي المسرح - تاريخ ونقد
942 ## - عناصر المدخل الإضافي( كوها)
مصدر التصنيف او مخطط الترفيف Dewey Decimal Classification
Koha [default] item type كتاب
Holdings
حالة التراجع حالة الفقد حالة تلف ليس للاعارة المكان المؤقت الموقع الحالى تاريخ الاكتساب اجمالي اﻻعارات رقم الطلب الباركود تاريخ اخر مشاهدة تاريخ تفعيل السعر نوع وعاء كوها
        مكتبة القاهرة الكبرى مكتبة القاهرة الكبرى 03/26/2014   792.9\د م 113631 03/26/2014 03/26/2014 كتاب
        مكتبة القاهرة الكبرى مكتبة القاهرة الكبرى 03/26/2014   792.9\د م 113632 03/26/2014 03/26/2014 كتاب
        مكتبة القاهرة الكبرى مكتبة القاهرة الكبرى 03/26/2014   792.9\د م 113633 03/26/2014 03/26/2014 كتاب
        مكتبة القاهرة الكبرى مكتبة القاهرة الكبرى 03/26/2014   792.9\د م 113634 03/26/2014 03/26/2014 كتاب

Powered By

EGPV